00661nam a2200169Ia 450000500170000000800410001702000180005808200210007610000470009724500550014426000270019930000120022665000380023894200070027699900190028395201890030220250401115602.0231217s9999 xx 000 0 und d a9788131408537 a338.9 PAI;2 R1 aPain, Asis Kumar. Karmakar, Nirbachita ed. 0aFinancial sector and economic growth : the limkage c2007bIcfaiaHyderabad avi, 324 aFinancial,economic,growth,limkage cAA c189474d189474 r2024-01-26 00:00:00l0o338.9 PAI;2 R1p66287W0v38.00w2024-01-26yAAz662871040708FBA00K1993L27/10/2014aMLbMLcFBLAd2010-10-18eICFAI Pressg38.00EMBAGRSF1V0URupees